000 00207 a2200109 4500
020 _a0439228085
041 _aeng
100 _aPhilemon Sturges
245 _aThe little red hen
942 _cBK
952 _71
999 _c19101
_d19101